000 00713nam a2200217 i 4500
001 101022
003 ES-MaACL
005 20250916203122.0
007 t|
008 051010s1930 fr |||| |dfre d
100 1 _aMauriac, François,
_d1885-1970
_979251
245 1 0 _aTrois grands hommes devant Dieu /
_cFrançois Mauriac.
260 _aParis :
_bCapitole,
_c1930.
300 _a185 p. ;
_c20 cm.
505 8 _aContiene: ;
_tMolière le tragique ;
_tJean-Jacques Rousseau ;
_tGustave Flaubert
600 1 4 _aMolière,
_d1622-1673
_981873
600 1 4 _aRousseau, Jean-Jacques.
_9100055
600 1 4 _aFlaubert, Gustave,
_d1821-1880
_951134
852 _aES-MaACL
_jB-8876
999 _c101022
_d101022